00555nam a2200157 a 450000100100000000500170001000800410002704000250006810000260009324500600011926000420017930000210022150400320024295201060027499900170038000003862020201002031319.0130416s1992 dr 000 0 spa d aDO-SdBNPbspacBNPHU1 aToba1, Vinicio96495310aFundamentos de derecho administrativo /cVinicio Tobal. aSanto Domingo :bAlfa y Omega,c1992. a194 p. ;c23 cm. aBibliografía : p. 192-194 00107-18PDaPDbPDcOId2013-04-16iLF1l0o p38620-10r2020-06-25w2020-06-25yLFPDZNo se presta c38110d38110